000
00334nam a2200145Ia 4500
008
150201s2009 xx 000 0 und d
082
_a
614
_b
G09S
100
_a
SHARMA. OP
245
2
_a
A GUIDDE TO ELDERLY CARE
250
_a
1ST
260
_b
WHO
_a
DELHI
_c
2009
300
_a
1-587
650
_a
COMMUNITY MEDICINE
942
_2
ddc
_c
BK
999
_c
1360
_d
1360